[Event "32. Potsdamer Weihnachtsturnier"]
[Site "Potsdam"]
[Date "2007.12.29"]
[Round "6.1"]
[White "Reichenbach, Werner"]
[Black "Figura, Atila Gajo"]
[Result "1/2-1/2"]
[WhiteTitle "FM"]
[BlackTitle "FM"]
[WhiteElo "2335"]
[BlackElo "2414"]
[EventDate "2008.??.??"]
[PlyCount "32"]

1. d4 Nf6 2. c4 g6 3. Nc3 d5 4. cxd5 Nxd5 5. e4 Nxc3 6. bxc3 Bg7 7. Nf3 O-O
8. Be2 c5 9. Rb1 b6 10. O-O Bb7 11. Bd3 Nd7 12. Qe2 cxd4 13. cxd4 Nf6 14. Bb2
Rc8 15. Ne5 Ne8 16. f3 Nd6 1/2-1/2

[Event "32. Potsdamer Weihnachtsturnier"]
[Site "Potsdam"]
[Date "2007.12.29"]
[Round "6.2"]
[White "Hein, Carsten"]
[Black "Brüdigam, Martin"]
[Result "0-1"]
[WhiteElo "2133"]
[BlackElo "2197"]
[EventDate "2007.??.??"]
[PlyCount "90"]

1. d4 Nf6 2. Nf3 e6 3. g3 b6 4. Bg2 Bb7 5. c4 c5 6. d5 exd5 7. Nh4 g6 8. Nc3
Bg7 9. cxd5 d6 10. O-O O-O 11. e4 Re8 12. Re1 Nbd7 13. Bf4 Ne5 14. Nf3 Nfd7
15. Nxe5 Nxe5 16. Qc2 Ba6 17. Qa4 Bb7 18. Qc2 Qd7 19. a4 Ba6 20. Bxe5 Bxe5
21. Kh1 Bg7 22. f4 Bc8 23. Qb3 Rb8 24. Qb5 a6 25. Qc6 Qd8 26. e5 Bd7 27. Qxd6
Bf8 28. Qxb8 Qxb8 29. Ne4 Be7 30. a5 Bf5 31. Nc3 b5 32. d6 Bd8 33. Bc6 Bd7
34. Bg2 Qc8 35. Nd5 Bc6 36. Rec1 c4 37. b3 Qa8 38. bxc4 bxc4 39. Rd1 Kg7
40. Rac1 Bxa5 41. Rxc4 Bxd5 42. Bxd5 Qa7 43. Rc2 Rb8 44. Re2 Qc5 45. Kg2 Bc3
0-1

[Event "32. Potsdamer Weihnachtsturnier"]
[Site "Potsdam"]
[Date "2007.12.29"]
[Round "6.3"]
[White "Püschel, Werner"]
[Black "Rietze, Clemens"]
[Result "1/2-1/2"]
[WhiteElo "2177"]
[BlackElo "2083"]
[EventDate "2007.??.??"]
[PlyCount "63"]

1. Nf3 Nf6 2. g3 g6 3. Bg2 Bg7 4. d3 d5 5. c3 O-O 6. Bg5 h6 7. Bxf6 Bxf6
8. Qd2 Bg7 9. h4 e5 10. Na3 Be6 11. O-O-O Nd7 12. Kb1 f5 13. d4 e4 14. Ne5 Nxe5
15. dxe5 Bxe5 16. Qxh6 Qf6 17. Qe3 f4 18. Qd2 fxg3 19. fxg3 Bxg3 20. Nb5 Qf4
21. Nd4 Bg4 22. Bh3 Qxd2 23. Rxd2 Bf4 24. Rdd1 Bxh3 25. Rxh3 Rae8 26. Rg1 Rf6
27. h5 Kg7 28. hxg6 Rxg6 29. Rf1 Rf6 30. Rg1+ Rg6 31. Rf1 Rf6 32. Rg1+ 1/2-1/2

[Event "32. Potsdamer Weihnachtsturnier"]
[Site "Potsdam"]
[Date "2007.12.29"]
[Round "6.4"]
[White "Lenhardt, Manfred"]
[Black "Pohl, Mathias"]
[Result "1/2-1/2"]
[WhiteElo "2155"]
[BlackElo "2059"]
[EventDate "2007.??.??"]
[PlyCount "33"]

1. g3 d5 2. Bg2 Nf6 3. d3 c6 4. c3 g6 5. Nh3 Bg7 6. Na3 O-O 7. f3 e5 8. Nf2
Be6 9. O-O Nbd7 10. Nc2 h6 11. e4 Kh7 12. Be3 Ng8 13. Qe2 f5 14. f4 Qe7
15. exf5 Bxf5 16. Rac1 Rac8 17. Qd2 1/2-1/2

[Event "32. Potsdamer Weihnachtsturnier"]
[Site "Potsdam"]
[Date "2007.12.29"]
[Round "6.6"]
[White "Holzschuh, Stephan"]
[Black "Langner, Tobias"]
[Result "1-0"]
[WhiteElo "2297"]
[BlackElo "2004"]
[EventDate "2007.??.??"]
[PlyCount "62"]

1. e4 c5 2. Nc3 Nc6 3. Bb5 Nd4 4. Bc4 g6 5. Nf3 Bg7 6. Nxd4 Bxd4 7. Qf3 e6
8. O-O a6 9. a4 Ne7 10. Ne2 Bg7 11. d3 Nc6 12. c3 O-O 13. Qg3 d5 14. Bb3 dxe4
15. dxe4 Qb6 16. Bc2 e5 17. b3 Qc7 18. Be3 b6 19. Rad1 Be6 20. Qh4 Rad8 21. Rb1
Na5 22. f3 c4 23. b4 Nb3 24. Qf2 Rd6 25. Nc1 Nxc1 26. Rfxc1 Rb8 27. b5 a5
28. Rd1 Rxd1+ 29. Rxd1 Bf8 30. Kf1 Be7 31. Ke2 Rd8 1-0

[Event "32. Potsdamer Weihnachtsturnier"]
[Site "Potsdam"]
[Date "2007.12.29"]
[Round "6.7"]
[White "Schmidt, David"]
[Black "Mantau, Jan"]
[Result "1/2-1/2"]
[WhiteElo "1972"]
[BlackElo "2230"]
[EventDate "2008.??.??"]
[PlyCount "33"]

1. d4 Nf6 2. Nf3 g6 3. g3 Bg7 4. Bg2 O-O 5. O-O d6 6. b3 c5 7. Bb2 cxd4
8. Nxd4 a6 9. c4 Nbd7 10. Nc3 Ne5 11. h3 Qb6 12. Kh2 Bd7 13. Qd2 Nc6 14. Nc2
Ne5 15. Nd4 Nc6 16. Nc2 Ne5 17. Nd4 1/2-1/2

[Event "32. Potsdamer Weihnachtsturnier"]
[Site "Potsdam"]
[Date "2007.12.29"]
[Round "6.8"]
[White "Schrodt, Sebastion"]
[Black "Schulz, Wolfgang"]
[Result "1/2-1/2"]
[WhiteElo "1764"]
[BlackElo "2173"]
[EventDate "2008.??.??"]
[PlyCount "132"]

1. Nf3 d5 2. c4 e6 3. g3 Nf6 4. Bg2 Nbd7 5. d3 Bd6 6. O-O O-O 7. Nbd2 Qe7
8. Qc2 Re8 9. b3 c6 10. Bb2 b6 11. Rfe1 Bb7 12. e4 dxe4 13. dxe4 e5 14. Rad1
Bc5 15. Nf1 b5 16. Ne3 g6 17. Re2 a5 18. cxb5 cxb5 19. Qd3 Red8 20. Nd5 Nxd5
21. exd5 f6 22. Nd4 Bxd4 23. Bxd4 Qd6 24. Qxb5 Ba6 25. Qc6 Qxc6 26. dxc6 Bxe2
27. Rd2 exd4 28. Rxe2 Rac8 29. Bd5+ Kf8 30. cxd7 Rxd7 31. Bc4 Re7 32. Rxe7 Kxe7
33. Kf1 a4 34. Ke2 axb3 35. axb3 Kd6 36. Kd3 Kc5 37. h4 Ra8 38. b4+ Kxb4
39. Kxd4 Rc8 40. Bd3 Rd8+ 41. Ke3 Kc3 42. Bb1 Rd1 43. Ba2 Rd3+ 44. Kf4 Rd2
45. Bg8 h6 46. Bh7 g5+ 47. hxg5 hxg5+ 48. Ke3 Rd7 49. Bg6 Re7+ 50. Kf3 Re5
51. Kg4 Kd4 52. f4 Ra5 53. Bf5 gxf4 54. Kxf4 Ra1 55. g4 Rf1+ 56. Kg3 Ke3
57. Kg2 Rxf5 58. gxf5 Ke4 59. Kg3 Ke5 60. Kg4 Ke4 61. Kg3 Kxf5 62. Kf3 Kg5
63. Kg3 f5 64. Kf3 f4 65. Kf2 Kf5 66. Kf3 Ke5 1/2-1/2

[Event "32. Potsdamer Weihnachtsturnier"]
[Site "Potsdam"]
[Date "2007.12.29"]
[Round "6.10"]
[White "Scheide, Helmut"]
[Black "Welz, Peter"]
[Result "0-1"]
[BlackTitle "FM"]
[WhiteElo "2008"]
[BlackElo "2139"]
[EventDate "2008.??.??"]
[PlyCount "52"]

1. d4 f5 2. c4 Nf6 3. Nc3 g6 4. Nf3 Bg7 5. b3 b6 6. Bb2 Bb7 7. e3 e6 8. Be2
Qe7 9. O-O d6 10. h3 Nbd7 11. Nb5 Nf8 12. Qc1 a6 13. Nc3 h6 14. Rd1 g5 15. Nh2
h5 16. f3 Ng6 17. e4 Nf4 18. exf5 exf5 19. Re1 O-O-O 20. c5 dxc5 21. Bxa6 Qd7
22. Bxb7+ Kxb7 23. Na4 Nd3 24. Qxg5 Nxb2 25. Nxb2 Nh7 26. Qh4 Qxd4+ 0-1

[Event "32. Potsdamer Weihnachtsturnier"]
[Site "Potsdam"]
[Date "2007.12.29"]
[Round "6.11"]
[White "Mühlhan, Klaus"]
[Black "Schmidt, Jörg"]
[Result "0-1"]
[WhiteElo "1946"]
[BlackElo "2177"]
[EventDate "2008.??.??"]
[PlyCount "46"]

1. e4 c5 2. d4 cxd4 3. c3 d3 4. Bxd3 Nc6 5. f4 d6 6. Nf3 g6 7. Be3 Nf6 8. h3
Bg7 9. Qd2 a6 10. Na3 b5 11. Rc1 Bb7 12. O-O O-O 13. f5 Rc8 14. Bh6 Na5
15. fxg6 hxg6 16. Bxg7 Kxg7 17. Rce1 Qb6+ 18. Kh2 Nc4 19. Nxc4 bxc4 20. Bb1 Rc5
21. Qe3 Rh8 22. Kg1 Qxb2 23. e5 Rxe5 0-1

[Event "32. Potsdamer Weihnachtsturnier"]
[Site "Potsdam"]
[Date "2007.12.29"]
[Round "6.12"]
[White "Rackowiak, Hans"]
[Black "Schlüter, Bernd"]
[Result "1/2-1/2"]
[WhiteElo "1964"]
[BlackElo "2083"]
[EventDate "2008.??.??"]
[PlyCount "38"]

1. d4 Nf6 2. Nf3 g6 3. Bf4 Bg7 4. h3 O-O 5. e3 d6 6. c3 c5 7. Bc4 a6 8. a4 Nc6
9. Nbd2 cxd4 10. cxd4 Na5 11. b4 Nxc4 12. Nxc4 Nd5 13. Qd2 Nxf4 14. exf4 Be6
15. Rc1 Bxc4 16. Rxc4 Rc8 17. Rxc8 Qxc8 18. O-O Qc6 19. Rc1 Qxa4 1/2-1/2

[Event "32. Potsdamer Weihnachtsturnier"]
[Site "Potsdam"]
[Date "2007.12.29"]
[Round "6.13"]
[White "Platzek, Janine"]
[Black "Blomel, Christopher"]
[Result "0-1"]
[WhiteElo "2039"]
[BlackElo "1839"]
[EventDate "2008.??.??"]
[PlyCount "66"]

1. Nf3 f5 2. d4 Nf6 3. c4 g6 4. Nc3 Bg7 5. g3 d6 6. Bg2 O-O 7. O-O Qe8 8. e4
fxe4 9. Ng5 Nc6 10. Ncxe4 Nxe4 11. Bxe4 h6 12. Nf3 Bg4 13. Qd3 g5 14. Bg6 Rxf3
15. Qe4 Qd7 16. h3 Bf5 17. Bf7+ Kxf7 18. Qxf3 Nxd4 19. Qxb7 Qc6 20. Qxc6 Nxc6
21. f4 Bxh3 22. Rd1 Bg4 23. Rd3 Be2 24. Rd2 Bxc4 25. Rc2 Bd4+ 26. Kh2 Bd5
27. fxg5 hxg5 28. Bxg5 Rh8+ 29. Bh4 Be5 30. Kg1 Ke6 31. Rac1 Nd4 32. Rf2 Bxg3
33. Re1+ Kd7 0-1

[Event "32. Potsdamer Weihnachtsturnier"]
[Site "Potsdam"]
[Date "2007.12.29"]
[Round "6.14"]
[White "Bachran, Boris"]
[Black "Lindemann, Frank"]
[Result "1/2-1/2"]
[WhiteElo "1932"]
[BlackElo "2034"]
[EventDate "2008.??.??"]
[PlyCount "53"]

1. d4 d5 2. Nf3 Nf6 3. Bf4 e6 4. c3 Bd6 5. e3 Bxf4 6. exf4 Nbd7 7. Bd3 c5
8. O-O Qb6 9. Qb3 Qd6 10. dxc5 Qxf4 11. Bb5 O-O 12. Qb4 Qc7 13. Bxd7 Nxd7
14. c4 Qxc5 15. Qxc5 Nxc5 16. cxd5 exd5 17. Nc3 Be6 18. Rfd1 Rfd8 19. Rd4 Na6
20. Rad1 Nc7 21. Ne5 a6 22. a4 Rd6 23. Nc4 Rc6 24. Ne3 Rd8 25. h3 Rcd6 26. Nc4
Rc6 27. Ne3 1/2-1/2

[Event "32. Potsdamer Weihnachtsturnier"]
[Site "Potsdam"]
[Date "2007.12.29"]
[Round "6.15"]
[White "Bernhöft, Erhard"]
[Black "Schilling, Florian"]
[Result "1/2-1/2"]
[WhiteElo "2031"]
[BlackElo "2003"]
[EventDate "2008.??.??"]
[PlyCount "89"]

1. Nf3 c5 2. c4 b6 3. g3 g6 4. Bg2 Bb7 5. Nc3 Nf6 6. d3 Bg7 7. O-O O-O 8. e4
Nc6 9. h3 d6 10. Be3 h6 11. Qd2 Kh7 12. g4 Nd7 13. Nh2 e6 14. Kh1 Ne7 15. f4 f5
16. Rae1 Rf7 17. Qe2 a6 18. Bf2 Qf8 19. Bg3 Rd8 20. Nf3 Nc6 21. exf5 gxf5
22. gxf5 Rxf5 23. Nh4 Nd4 24. Qg4 Bxg2+ 25. Kxg2 Rf7 26. Qg6+ Kg8 27. Ne4 Nf6
28. Nxf6+ Rxf6 29. Qe4 Qf7 30. b3 Nf5 31. Nxf5 Rxf5 32. Qc6 Rf8 33. Qxd6 e5
34. Re4 Qb7 35. Qd5+ Qxd5 36. cxd5 exf4 37. Rexf4 Rxd5 38. Rxf8+ Bxf8 39. Rf3
Bd6 40. Bh4 b5 41. Kf1 Kg7 42. Ke2 Be5 43. Be7 Bd4 44. Bf8+ Kg6 45. Rg3+
1/2-1/2

[Event "32. Potsdamer Weihnachtsturnier"]
[Site "Potsdam"]
[Date "2007.12.29"]
[Round "6.16"]
[White "Illner, Kristof"]
[Black "Schirrmacher, Karsten"]
[Result "1/2-1/2"]
[WhiteElo "2028"]
[BlackElo "2021"]
[EventDate "2007.??.??"]
[PlyCount "92"]

1. e4 e5 2. Nf3 Nc6 3. Bc4 Nf6 4. d3 Bc5 5. O-O d6 6. c3 Bg4 7. Qb3 O-O 8. Ng5
Qd7 9. h3 Bh5 10. Ne6 fxe6 11. Bxe6+ Bf7 12. Bxd7 Bxb3 13. Bxc6 Bc2 14. Bxb7
Bxd3 15. Bxa8 Bxf1 16. Kxf1 Rxa8 17. f3 Rf8 18. Ke2 d5 19. Be3 d4 20. cxd4 exd4
21. Bg5 Nh5 22. Nd2 h6 23. Nb3 Bb4 24. Bd2 Bxd2 25. Kxd2 Rd8 26. Rc1 Nf4
27. Rxc7 Nxg2 28. Rxa7 Nh4 29. f4 Nf3+ 30. Kd3 g5 31. fxg5 Ne5+ 32. Ke2 d3+
33. Ke3 Nc4+ 34. Kf4 hxg5+ 35. Kxg5 d2 36. Nxd2 Nxd2 37. e5 Re8 38. Kf5 Nf3
39. Ra6 Nxe5 40. Re6 Rxe6 41. Kxe6 Nd3 42. b3 Nc1 43. b4 Nxa2 44. b5 Nc3 45. b6
Na4 46. b7 Nc5+ 1/2-1/2

[Event "32. Potsdamer Weihnachtsturnier"]
[Site "Potsdam"]
[Date "2007.12.29"]
[Round "6.17"]
[White "Hadlich, Roland"]
[Black "Trenner, Rolf"]
[Result "0-1"]
[WhiteElo "1533"]
[BlackElo "2261"]
[EventDate "2008.??.??"]
[PlyCount "68"]

1. d4 Nf6 2. g3 g6 3. Bg2 d5 4. c3 Bg7 5. Nd2 O-O 6. e4 dxe4 7. Nxe4 Nxe4
8. Bxe4 Nd7 9. Be3 c6 10. Qd2 e5 11. O-O-O Qa5 12. Kb1 Nf6 13. Bc2 Be6 14. b3
Rad8 15. Ne2 exd4 16. cxd4 Qa3 17. Qc1 Qb4 18. h3 Bd5 19. Rhe1 Bf3 20. Rd3 Be4
21. Rd2 Rd7 22. Bxe4 Nxe4 23. Rdd1 Rfd8 24. Qc2 Nf6 25. Nf4 Nd5 26. Rc1 Nxf4
27. gxf4 Bxd4 28. Bd2 Qd6 29. f5 Bxf2 30. Re2 Bd4 31. Rg2 Bg7 32. fxg6 hxg6
33. Bc3 Bxc3 34. Qxc3 Qd3+ 0-1

[Event "32. Potsdamer Weihnachtsturnier"]
[Site "Potsdam"]
[Date "2007.12.29"]
[Round "6.18"]
[White "Friedrich, Jan"]
[Black "Schiffermüller, Stefan"]
[Result "1-0"]
[WhiteElo "2160"]
[BlackElo "1964"]
[EventDate "2008.??.??"]
[PlyCount "94"]

1. Nf3 d5 2. d4 c5 3. c4 e6 4. cxd5 exd5 5. Nc3 Nc6 6. e3 Nf6 7. Be2 Be7
8. O-O O-O 9. dxc5 Bxc5 10. b3 Bg4 11. Bb2 Re8 12. Rc1 Qe7 13. Na4 Bd6 14. h3
Bh5 15. Bxf6 Qxf6 16. Qxd5 Bg6 17. Qg5 Nd4 18. exd4 Qxg5 19. Nxg5 Rxe2 20. Nc3
Rb2 21. Nf3 Bf4 22. Ra1 f6 23. Nd5 Bh6 24. Rfe1 Re8 25. Ne7+ Kf7 26. Nxg6 Rxe1+
27. Rxe1 hxg6 28. Ra1 Bf4 29. g3 Bd6 30. Kf1 Ke6 31. Re1+ Kf7 32. Re2 Rb1+
33. Kg2 Rd1 34. Rd2 Rxd2 35. Nxd2 Ke6 36. Kf3 Kd5 37. Ke3 Bb4 38. Nb1 Ba5
39. g4 b5 40. a3 b4 41. axb4 Bxb4 42. Kd3 a6 43. Nc3+ Kd6 44. Kc4 Ba3 45. Ne4+
Kc7 46. b4 Bb2 47. Nc5 Kb6 1-0

[Event "32. Potsdamer Weihnachtsturnier"]
[Site "Potsdam"]
[Date "2007.12.29"]
[Round "6.19"]
[White "Jäger, Marco"]
[Black "Scholvin, Erich"]
[Result "1/2-1/2"]
[WhiteElo "1867"]
[BlackElo "2125"]
[EventDate "2008.??.??"]
[PlyCount "54"]

1. e4 e6 2. d4 d5 3. Nc3 dxe4 4. Nxe4 Nf6 5. Bg5 Be7 6. Nxf6+ Bxf6 7. Bxf6
Qxf6 8. Nf3 O-O 9. Bd3 Nc6 10. c3 e5 11. dxe5 Nxe5 12. Nxe5 Qxe5+ 13. Qe2 Qxe2+
14. Bxe2 Re8 15. f3 Be6 16. Kf2 Rad8 17. Rhd1 Kf8 18. b3 Ke7 19. Rxd8 Rxd8
20. Rd1 Rxd1 21. Bxd1 Kd6 22. Bc2 h6 23. Ke3 Kc5 24. Kd2 a5 25. a3 b6 26. Bd1
Bf5 27. Be2 f6 1/2-1/2

[Event "32. Potsdamer Weihnachtsturnier"]
[Site "Potsdam"]
[Date "2007.12.29"]
[Round "6.20"]
[White "Binder, Thomas"]
[Black "Wiezer, Siegfried"]
[Result "1-0"]
[WhiteElo "1832"]
[BlackElo "2065"]
[EventDate "2008.??.??"]
[PlyCount "75"]

1. e4 c6 2. d4 d6 3. Nc3 Nf6 4. Bd3 e5 5. dxe5 dxe5 6. Nf3 Qc7 7. O-O Bg4
8. Bg5 Be7 9. Be2 Nbd7 10. Nd2 Bxe2 11. Qxe2 Nc5 12. Rad1 Ne6 13. Nf3 Nxg5
14. Nxg5 h6 15. Nf3 Nh5 16. Rd2 Nf4 17. Qc4 O-O 18. Nd5 Nxd5 19. exd5 c5
20. Qe4 Bd6 21. c4 f5 22. Qh4 e4 23. Ne1 Qa5 24. Rc2 Qxa2 25. Qh5 Rae8 26. Qe2
Qa5 27. g3 f4 28. gxf4 Bxf4 29. Ng2 Bd6 30. Qg4 Qc7 31. Qh4 Rf3 32. Re2 Qd7
33. Rxe4 Rxe4 34. Qxe4 Qf7 35. Qg4 Kh7 36. Qe4+ g6 37. Qe6 Qc7 38. Nh4 1-0

[Event "32. Potsdamer Weihnachtsturnier"]
[Site "Potsdam"]
[Date "2007.12.29"]
[Round "6.21"]
[White "Allgaier, Erik"]
[Black "Zimmermann, René"]
[Result "0-1"]
[WhiteElo "2060"]
[BlackElo "1917"]
[EventDate "2008.??.??"]
[PlyCount "70"]

1. Nf3 d5 2. d4 c6 3. e3 e6 4. c4 f5 5. Bd2 Nf6 6. Qb3 Bd6 7. Bb4 O-O 8. Nc3
Ne4 9. Bxd6 Qxd6 10. g3 b6 11. Rc1 Nd7 12. Be2 a5 13. cxd5 exd5 14. Qa4 b5
15. Qc2 Bb7 16. O-O Rf6 17. Ne1 g5 18. f4 gxf4 19. Rxf4 Raf8 20. Nd3 Qe7
21. Rcf1 Ng5 22. Qd2 Nh3+ 23. Kg2 Nxf4+ 24. exf4 b4 25. Na4 Qe4+ 26. Bf3 Qxd4
27. Qe2 Ba6 28. Rd1 Qa7 29. Qe7 Bxd3 30. Rxd3 R8f7 31. Qe8+ Nf8 32. Bh5 Re7
33. Qd8 Kg7 34. Nb6 Ne6 35. Qxe7+ Qxe7 0-1

[Event "32. Potsdamer Weihnachtsturnier"]
[Site "Potsdam"]
[Date "2007.12.29"]
[Round "6.22"]
[White "Grigoleit, Steven"]
[Black "Lange, Werner"]
[Result "1/2-1/2"]
[WhiteElo "1999"]
[BlackElo "1758"]
[EventDate "2008.??.??"]
[PlyCount "88"]

1. e4 e5 2. f4 Bc5 3. Nf3 d6 4. Bc4 Nc6 5. Nc3 Bg4 6. Bb5 a6 7. Bxc6+ bxc6
8. h3 Bc8 9. fxe5 dxe5 10. d3 Qf6 11. Bg5 Qd6 12. Qe2 Rb8 13. Na4 Ba7 14. c3
Qg6 15. O-O-O Be6 16. c4 Rb4 17. b3 f6 18. Bd2 Rb7 19. g4 Qf7 20. Be3 Bb6
21. d4 exd4 22. Bxd4 Ne7 23. Rhf1 Qg6 24. e5 f5 25. g5 O-O 26. Nc5 Rbb8
27. Nxa6 Ra8 28. Bxb6 cxb6 29. Nc7 Ra7 30. Nxe6 Qxe6 31. Rd6 Qc8 32. Rfd1 Qa6
33. R1d2 Qa5 34. e6 Ng6 35. Rd7 Raa8 36. e7 Rfe8 37. Qe6+ Kh8 38. Qxf5 Nxe7
39. Qf7 Qc3+ 40. Kb1 Qe3 41. h4 Qe4+ 42. Kb2 Nf5 43. Qh5 Ng3 44. Qf7 Nf5
1/2-1/2

[Event "32. Potsdamer Weihnachtsturnier"]
[Site "Potsdam"]
[Date "2007.12.29"]
[Round "6.24"]
[White "Sonntag, Sven"]
[Black "Hahn, Thomas"]
[Result "1/2-1/2"]
[WhiteElo "1894"]
[BlackElo "1714"]
[EventDate "2008.??.??"]
[PlyCount "129"]

1. c4 Nf6 2. d4 g6 3. Nc3 Bg7 4. e4 d6 5. Be2 O-O 6. Nf3 e5 7. dxe5 dxe5
8. Qxd8 Rxd8 9. Bg5 Re8 10. Rd1 c6 11. O-O h6 12. Bc1 Bg4 13. h3 Bxf3 14. Bxf3
Nbd7 15. Rd2 Nf8 16. b4 Ne6 17. g3 Nd4 18. Bg2 Rad8 19. Rfd1 Rd7 20. Kf1 Red8
21. Bb2 g5 22. Ne2 Ne6 23. Rxd7 Rxd7 24. Ke1 Rxd1+ 25. Kxd1 Nd7 26. Kc2 b6
27. Kd3 Kf8 28. Bc1 Ke7 29. Nc3 Nd4 30. Nd1 Nf8 31. Ne3 Kf6 32. Bb2 Nfe6
33. Nf5 Nxf5 34. exf5 Kxf5 35. Bxc6 Nd4 36. Bd7+ Ne6 37. Ke3 h5 38. g4+ hxg4
39. hxg4+ Kf6 40. Bxe6 Kxe6 41. Ke4 Bf8 42. Bxe5 Bxb4 43. a4 Bc5 44. f4 gxf4
45. Bxf4 a5 46. g5 Bg1 47. Bc7 Bc5 48. Bd8 Bg1 49. Bf6 Bc5 50. Bg7 Bg1 51. Bf8
Bf2 52. Bg7 Bc5 53. Kf4 Bd6+ 54. Kg4 Bc5 55. Bf6 Be3 56. Kh5 Bc5 57. Kh6 Be3
58. Kg7 Bc5 59. g6 fxg6 60. Kxg6 Be3 61. Bc3 Kd6 62. Kf5 Kc5 63. Ke4 Bf2
64. Kd3 Bg1 65. Be1 1/2-1/2

[Event "32. Potsdamer Weihnachtsturnier"]
[Site "Potsdam"]
[Date "2007.12.29"]
[Round "6.25"]
[White "Karunaharamoorthy, Achudhan"]
[Black "Aleanakian, Gabriel"]
[Result "1-0"]
[WhiteElo "1877"]
[BlackElo "1650"]
[EventDate "2008.??.??"]
[PlyCount "71"]

1. d4 c5 2. d5 Nf6 3. c4 b5 4. cxb5 a6 5. bxa6 Bxa6 6. Nc3 d6 7. e4 Bxf1
8. Kxf1 g6 9. Nf3 Nbd7 10. h3 Bg7 11. Kg1 O-O 12. Kh2 Qc7 13. Bg5 Rfb8 14. Qc2
Rb7 15. Rab1 Qb8 16. Nd2 Nb6 17. b3 Nbd7 18. Rhd1 Qc7 19. a4 Re8 20. Nb5 Qb8
21. Nc4 Qd8 22. Bd2 Nb6 23. Na5 Rd7 24. Nc6 Qa8 25. Ba5 Rb7 26. Bxb6 Rxb6
27. Nc7 Qc8 28. Nxe8 Qxe8 29. a5 Ra6 30. Qc4 Ra8 31. b4 Nd7 32. b5 Ne5 33. Qa4
Nxc6 34. dxc6 Qd8 35. b6 Qxb6 36. Rxb6 1-0

[Event "32. Potsdamer Weihnachtsturnier"]
[Site "Potsdam"]
[Date "2007.12.29"]
[Round "6.26"]
[White "Göpel, Martin"]
[Black "Nekrassova, Ekatherina"]
[Result "1-0"]
[WhiteElo "1732"]
[BlackElo "1791"]
[EventDate "2008.??.??"]
[PlyCount "45"]

1. e4 c6 2. d4 d5 3. exd5 cxd5 4. Bd3 Nc6 5. c3 g6 6. Nf3 Bg7 7. O-O Nh6
8. Bf4 O-O 9. Re1 f6 10. c4 Bg4 11. Be3 Nb4 12. Be2 Bf5 13. Na3 Rc8 14. Qd2
Nxa2 15. Bxh6 Bxh6 16. Qxh6 Nb4 17. cxd5 Nxd5 18. Bc4 e6 19. Nh4 Nc7 20. Nxf5
gxf5 21. Bxe6+ Nxe6 22. Rxe6 Qxd4 23. Re7 1-0

[Event "32. Potsdamer Weihnachtsturnier"]
[Site "Potsdam"]
[Date "2007.12.29"]
[Round "6.27"]
[White "Schrodt, Horst"]
[Black "Hildebrandt, Stephan"]
[Result "1-0"]
[WhiteElo "1670"]
[BlackElo "1559"]
[EventDate "2008.??.??"]
[PlyCount "97"]

1. d4 d5 2. c4 e6 3. Nc3 Nf6 4. cxd5 exd5 5. Nf3 Bb4 6. Qa4+ Nc6 7. Ne5 Bd7
8. Nxc6 Bxc3+ 9. bxc3 Bxc6 10. Qb3 O-O 11. Bg5 Qd6 12. Bxf6 Qxf6 13. e3 Qg6
14. Qb1 Qe4 15. Qxe4 dxe4 16. Rb1 b6 17. Kd2 Rfe8 18. Bc4 Rad8 19. Rb2 Kf8
20. Bb5 Re6 21. Ra1 Rdd6 22. a4 Rf6 23. Ke1 a5 24. Rc1 Rf5 25. c4 Bxb5 26. cxb5
Ke7 27. Rxc7+ Rd7 28. Rbc2 Rd5 29. Ke2 Rxc7 30. Rxc7+ Rd7 31. Rc6 Rd6 32. g4
Kd7 33. Rc4 Rh6 34. d5 Rxh2 35. Rxe4 Kd6 36. Rf4 f6 37. e4 Rh1 38. Rf3 Rc1
39. Ra3 Rc2+ 40. Ke3 g5 41. f3 Ke5 42. Rd3 Kd6 43. Ra3 Ke5 44. Kd3 Rf2 45. Kc4
Rc2+ 46. Rc3 Rb2 47. Kd3 Ra2 48. Rc6 Rxa4 49. Re6+ 1-0

[Event "32. Potsdamer Weihnachtsturnier"]
[Site "Potsdam"]
[Date "2007.12.29"]
[Round "6.28"]
[White "Kämmler, Florian"]
[Black "Köckeritz, Dieter"]
[Result "0-1"]
[WhiteElo "1612"]
[BlackElo "1580"]
[EventDate "2008.??.??"]
[PlyCount "67"]

1. d4 Nf6 2. c4 d5 3. Nc3 c6 4. cxd5 Nxd5 5. Nf3 e6 6. e4 Nf6 7. Bg5 Be7
8. Qc2 Nbd7 9. Bd3 h6 10. Bh4 Nh5 11. Bxe7 Qxe7 12. Ne2 e5 13. dxe5 Nxe5
14. Nxe5 Qxe5 15. O-O Nf4 16. Nxf4 Qxf4 17. g3 Qc7 18. f4 O-O 19. e5 Bh3
20. Rf2 Rad8 21. a3 Rd4 22. Rd2 Kh8 23. Bf1 Rxd2 24. Qxd2 Rd8 25. Qe3 Bxf1
26. Kxf1 Qd7 27. Re1 Qd5 28. Qe4 Qb5+ 29. Qe2 Qd5 30. Kf2 Qa5 31. Qe3 Rd2+
32. Re2 Rd1 33. Kg2 Qd5+ 34. Qf3 0-1

[Event "32. Potsdamer Weihnachtsturnier"]
[Site "Potsdam"]
[Date "2007.12.29"]
[Round "6.29"]
[White "Steinkrauß, Thilo"]
[Black "Gädke, Peter"]
[Result "0-1"]
[WhiteElo "1280"]
[BlackElo "1971"]
[EventDate "2008.??.??"]
[PlyCount "84"]

1. e4 e5 2. f4 exf4 3. Nf3 g5 4. d4 h5 5. Bc4 g4 6. Bxf4 gxf3 7. Qxf3 Qf6
8. e5 Qh4+ 9. Bg3 Qe7 10. O-O Rh7 11. Nc3 c6 12. Ne4 Bh6 13. Nd6+ Kd8 14. Qe4
Rg7 15. Nxf7+ Kc7 16. Qd3 b5 17. e6+ Kb6 18. Nd6 Na6 19. a4 Rxg3 20. a5+ Kc7
21. Qxg3 Qxd6 22. Qxg8 bxc4 23. exd7 Bb7 24. d8=Q+ Rxd8 25. Rf7+ Rd7 26. Raf1
Qxd4+ 27. Kh1 Nb8 28. Qg3+ Kc8 29. Qg8+ Kc7 30. Qg3+ Qd6 31. Rxd7+ Nxd7 32. Qf3
c5 33. Qxh5 Qd5 34. Qg4 Qe4 35. Qg3+ Qe5 36. Qg4 Bd5 37. Rd1 Qe4 38. Qg3+ Bf4
39. Qg7 Kc6 40. c3 Be5 41. Qg5 Nf6 42. Qd2 Qh4 0-1

[Event "32. Potsdamer Weihnachtsturnier"]
[Site "Potsdam"]
[Date "2007.12.29"]
[Round "6.31"]
[White "Pugliese, Roland"]
[Black "Schulz, Alfred"]
[Result "0-1"]
[WhiteElo "1447"]
[BlackElo "1516"]
[EventDate "2008.??.??"]
[PlyCount "58"]

1. e4 c5 2. d4 cxd4 3. c3 d5 4. exd5 Qxd5 5. Nf3 Nf6 6. cxd4 Bg4 7. Be2 e6
8. Nc3 Bb4 9. O-O Bxc3 10. bxc3 O-O 11. Qb3 Qe4 12. Be3 Nbd7 13. Rfe1 Nb6
14. Rad1 Rac8 15. Bg5 Qd5 16. Bxf6 gxf6 17. Rc1 Nc4 18. Rc2 Rc7 19. Nd2 Bxe2
20. Rxe2 b5 21. Ne4 Kg7 22. Nc5 Rxc5 23. Rc1 Rc7 24. Rce1 Rg8 25. Qc2 Kh8
26. g3 Nd6 27. Qd2 Rgc8 28. Qh6 Qg5 29. Qh3 Rxc3 0-1

[Event "32. Potsdamer Weihnachtsturnier"]
[Site "Potsdam"]
[Date "2007.12.29"]
[Round "6.34"]
[White "Rolfes, Leon"]
[Black "Steppan, Siegfried"]
[Result "1/2-1/2"]
[WhiteElo "1016"]
[BlackElo "1583"]
[EventDate "2008.??.??"]
[PlyCount "51"]

1. d4 Nf6 2. c4 g6 3. Nc3 Bg7 4. f4 d6 5. Nf3 O-O 6. e4 c5 7. d5 b5 8. Qc2 b4
9. Nd1 e6 10. Bd3 exd5 11. cxd5 Ba6 12. Bxa6 Nxa6 13. O-O Re8 14. Nf2 Nc7
15. Bd2 a5 16. Rfe1 a4 17. Qc4 Nd7 18. Rab1 Nb6 19. Qf1 Qd7 20. g4 a3 21. b3
Nb5 22. Rec1 Nd4 23. Qd3 Nxf3+ 24. Qxf3 Bb2 25. Rc2 Re7 26. Re1 1/2-1/2

[Event "32. Potsdamer Weihnachtsturnier"]
[Site "Potsdam"]
[Date "2007.12.29"]
[Round "6.35"]
[White "Roitzsch, Hans-Werner"]
[Black "Schröder, Helge"]
[Result "1/2-1/2"]
[WhiteElo "1600"]
[BlackElo "1601"]
[EventDate "2008.??.??"]
[PlyCount "77"]

1. b4 d5 2. e3 Bf5 3. Nf3 Nf6 4. Bb2 Nbd7 5. c4 e6 6. a3 dxc4 7. Bxc4 Nb6
8. Be2 Bd6 9. O-O O-O 10. d4 Nbd5 11. Nbd2 c6 12. Nh4 Bg6 13. Nxg6 fxg6 14. e4
Nxe4 15. Nxe4 Bxh2+ 16. Kxh2 Qh4+ 17. Kg1 Qxe4 18. Bf3 Rxf3 19. Qxf3 Qc2
20. Rab1 Rf8 21. Rfc1 Qd2 22. Qg3 Nf4 23. Qe3 Ne2+ 24. Kh2 Rf5 25. g4 Qxe3
26. fxe3 Rf2+ 27. Kh1 Nxc1 28. Bxc1 Re2 29. Kg1 g5 30. Kf1 Rh2 31. Kg1 Rh4
32. Rb2 Rxg4+ 33. Rg2 Rxg2+ 34. Kxg2 Kf7 35. Kf3 Kf6 36. e4 h5 37. Bd2 g4+
38. Kg3 g5 39. Bc3 1/2-1/2